000 00442nam a2200205Ia 4500
001 12803
003 GE_BSU
008 181216s||||||||xx |||||||||||||| ||und||
020 _a0747257167
040 _cGE_BSU
080 _a821.111-32
100 _aWillet,Marcia.
245 _aSecond Time Around.
260 _aLondon.
260 _bHeadline.
260 _c1997
300 _a311p;18cm.
653 _aSecond Time Around.
942 _cBK
999 _c45974
_d45974